LEADER 01550nam a2200229 i 4500 001 000000226160 003 CaOOAMICUS 005 20140114000000.0 008 140114s1833 xx u000 u lat u 013 $a205062 040 $aSeMil$bita 245 10$aVol. 3. 300 $a442 p. 490 0 $aCollectio selecta Ss. Ecclesiae Patrum : complectens exquisitissima opera tum dogmatica et moralia, tum apologetica et oratoria quae Parisiis incoepta et postmodum interrupta nunc accurantibus nonnullis sacrae eruditionis cultoribus continuatur ;$v9 500 $aFondo Card. C.M. Martini. 773 0 $aIoannes : Chrysostomus $tSancti patris Joannis Chrysostomi archiepiscopi constantinopolitani Opera.$dMediolani : Typis Antonii Fontana, 1831-1838.$kCollectio selecta Ss. Ecclesiae Patrum : complectens exquisitissima opera tum dogmatica et moralia, tum apologetica et oratoria quae Parisiis incoepta et postmodum interrupta nunc accurantibus nonnullis sacrae eruditionis cultoribus continuatur$g3$w()5516 830 0$aCollectio selecta Ss. Ecclesiae Patrum : complectens exquisitissima opera tum dogmatica et moralia, tum apologetica et oratoria quae Parisiis incoepta et postmodum interrupta nunc accurantibus nonnullis sacrae eruditionis cultoribus continuatur ;$v9.$0(OLS)http://semarc/title/12635 850 $aSeMil 852 $aSeMil$W1$xVenegono$y1$m2S II 68 FA$j176506$B176506$CSeMilBibl$Z2$F187174 $8I 941 1 $a4 961 $aOmaggio: Martini Card. Carlo Maria 996 $6245$aVol. 3$9(OLS)http://semarc/title/80712 LEADER 01068nam a2200253 i 4500 001 000000190092 003 CaOOAMICUS 005 20100528000000.0 008 100528s1982 it u000 u ita u 013 $a168445 020 $a88-7026-447-5 040 $aSeMil$bita 100 1 $aPancheri, Francesco Saverio,$cOfmConv.$0(OLS)http://semarc/name/21669 245 10$aMassimiliano Kolbe :$bsanto del secolo /$cFrancesco Saverio Pancheri. 260 $aPadova :$bMessaggero,$ccopyr. 1982. 300 $a271 p., [10] p. di tav. :$bill. ;$c21 cm. 490 0 $aGrandi figure 600 14$aKolbe, Massimiliano Maria .$0(OLS)http://semarc/subject/54938 830 0$aGrandi figure.$0(OLS)http://semarc/title/31340 850 $aSeMil 852 $aSeMil$W1$xVenegono$y1$m3H II 270$j140721$B140721$CSeMilBibl$Z2$F152294 $81 996 $6020$a88-7026-447-5$9(OLS)http://semarc/number/180945 996 $6245$aMassimiliano Kolbe :$bsanto del secolo$9(OLS)http://semarc/title/273827 996 $6260$aPadova :$bMessaggero$9(OLS)http://semarc/publisher/29786